| 000 | 00467nam a2200181Ia 4500 | ||
|---|---|---|---|
| 008 | 131103s9999 xx 000 0 und d | ||
| 020 | _a802757197 | ||
| 040 | _aLoreto College | ||
| 041 | _aEnglish | ||
| 082 |
_aF/SPA _bLCBED/13627 |
||
| 100 | _aSparling, Joyce | ||
| 245 |
_aNorth of Delhi east of heaven _cJoyce Sparling |
||
| 260 |
_aNew York _bWalker _c1988 |
||
| 300 |
_a239p. _c 23cm. |
||
| 650 | _aEnglish fiction | ||
| 850 | _aLCBED/F/SPA | ||
| 942 | _cBK | ||
| 999 |
_c33114 _d83593 |
||